| 000 | 00666nam a22002177a 4500 | ||
|---|---|---|---|
| 003 | OSt | ||
| 005 | 20220107122901.0 | ||
| 008 | 211129b xxu||||| |||| 00| 0 eng d | ||
| 020 | _a9783030605698 | ||
| 040 | _cKUDSIT | ||
| 082 | _a005.82 MOL/C | ||
| 100 |
_aMoller, Dietmar P F _918676 |
||
| 245 |
_aCybersecurity in digital transformation: _bScope and applications |
||
| 260 |
_aSwitzerland, _bSpringer, _c2020. |
||
| 300 | _axix, 114 p. | ||
| 440 |
_aSpringer Briefs on Cyber Security Systems and Networks _918677 |
||
| 650 |
_aCYBER SECURITY _918678 |
||
| 650 |
_aMOBILE AND NETWORK SECURITY _918679 |
||
| 650 |
_aMACHINE LEARNING _918680 |
||
| 942 |
_2ddc _cBK |
||
| 999 |
_c6858 _d6858 |
||